Common norms and good practices of civil-military relations in the EU (Record no. 200001202)
[ view plain ]
| 000 -LEADER | |
|---|---|
| fixed length control field | 00563 a2200205 4500 |
| 001 - CONTROL NUMBER | |
| control field | 200001202 |
| 003 - CONTROL NUMBER IDENTIFIER | |
| control field | TR-AnTOB |
| 005 - DATE AND TIME OF LATEST TRANSACTION | |
| control field | 20200925134147.0 |
| 008 - FIXED-LENGTH DATA ELEMENTS--GENERAL INFORMATION | |
| fixed length control field | 161108b tu 000 0 |
| 020 ## - INTERNATIONAL STANDARD BOOK NUMBER | |
| International Standard Book Number | 9789076301235 |
| 040 ## - CATALOGING SOURCE | |
| Original cataloging agency | TR-AnTOB |
| Transcribing agency | TR-AnTOB |
| 041 ## - LANGUAGE CODE | |
| Language code of text/sound track or separate title | İngilizce |
| 050 ## - LIBRARY OF CONGRESS CALL NUMBER | |
| Classification number | JN12 |
| 100 1# - MAIN ENTRY--PERSONAL NAME | |
| Personal name | Aldis, Anne, |
| Dates associated with a name | 1953- |
| 9 (RLIN) | 69432 |
| 245 #0 - TITLE STATEMENT | |
| Title | Common norms and good practices of civil-military relations in the EU |
| Statement of responsibility, etc. | Anne Aldis and Margriet Drent, editors. |
| 264 #1 - PRODUCTION, PUBLICATION, DISTRIBUTION, MANUFACTURE, AND COPYRIGHT NOTICE | |
| Place of production, publication, distribution, manufacture | Groningen, Hollanda: |
| Name of producer, publisher, distributor, manufacturer | Harmonie papers, |
| Date of production, publication, distribution, manufacture, or copyright notice | 2008 |
| 300 ## - PHYSICAL DESCRIPTION | |
| Extent | 184 s.; |
| 942 ## - ADDED ENTRY ELEMENTS (KOHA) | |
| Koha item type | Book |
| Source of classification or shelving scheme | Library of Congress Classification |
| Withdrawn status | Lost status | Source of classification or shelving scheme | Not for loan | Collection code | Home library | Current library | Shelving location | Date acquired | Source of acquisition | Inventory number | Total Checkouts | Total Holds | Full call number | Barcode | Copy number | Date shelved | Koha item type | Cost, normal purchase price | Date last seen | Cost, replacement price | Public note |
|---|---|---|---|---|---|---|---|---|---|---|---|---|---|---|---|---|---|---|---|---|---|
| Library of Congress Classification | Ödünç Verilebilir / Available | Genel Koleksiyon | Merkez Kütüphane | Merkez Kütüphane | Genel Koleksiyon / Main Collection | 03/07/2010 | Bağış / Donation | SUİ | JN12 .C66 2008 | 0034197 | 1 | 03/07/2010 | Book | ||||||||
| Library of Congress Classification | Ödünç Verilebilir / Available | Genel Koleksiyon | Merkez Kütüphane | Merkez Kütüphane | Genel Koleksiyon / Main Collection | 24/09/2020 | Bağış / Donation | SUİ | JN12 .C66 2008 c.2 | 0062309 | 2 | 30/09/2020 | Book | 0.00 | 25/09/2020 | 0.00 | Donated by Birgül Demirtaş |
